Información básica del sector agropecuario de Costa Rica

Đã lưu trong:
Chi tiết về thư mục
Tác giả của công ty: Costa Rica. Oficina de Planificación Sectorial Agropecuaria
Định dạng: Texto
Được phát hành: San José: Editorial IICA
Những chủ đề:
Các nhãn: Thêm thẻ
Không có thẻ, Là người đầu tiên thẻ bản ghi này!

MARC

LEADER 00000 a a2200000 04500
001 15108
003
040
090 |a 013600  
110 |a Costa Rica. Oficina de Planificación Sectorial Agropecuaria  
245 |a Información básica del sector agropecuario de Costa Rica  
260 |a San José:   |b Editorial IICA  
300 |a 107 p.  
650 |a SECTOR AGROPECUARIO  
999 |c 8879  |d 8879